000
00229 a2200097 4500
001
23452
100
_a
Dummer, G W A
245
_a
Electronic equipment Design and Construction
260
_a
_b
Mcgraw
_c
1961
090
_c
15845
_d
15845
942
_a
NUST-CAE
_c
M
_c
6497
999
_c
258525
_d
258525